| 000 | 00486nam a2200169 i 4500 | ||
|---|---|---|---|
| 001 | 147257 | ||
| 003 | ES-MaACL | ||
| 005 | 20230906201913.0 | ||
| 007 | t| | ||
| 008 | 070925s1910 xxk ||||1| eng d | ||
| 100 | 1 |
_aTyrrell, George. _9111809 |
|
| 245 | 1 | 0 |
_aHard sayings _b: a selection of meditations and studies / _cGeorge Tyrrell. |
| 250 | _a7ยช impr. | ||
| 260 |
_aLondon : _bLongmans, Green and Co., _c1910. |
||
| 300 |
_aXIX, 469 p. ; _c20 cm. |
||
| 852 |
_aES-MaACL _jF-10269 |
||
| 999 |
_c147257 _d147257 |
||